00566nam a2200193 a 450000100060000000300080000600500170001400800410003103500200007204000350009204100080012708200270013510000190016224500670018126000290024830000210027750000180029865000560031664503BD-RjUL20211209081321.0170215s1954 e ||||| |||| 001 0 eng d a(BD-RjUL) 64633 aBD-RjULbengcBD-RjULdBD-RjUL aeng 223a972.8105bJAR 1954 aJames, Daniel 10aRed design for the Americas Guatemalan prelude /cDaniel James aNew York :b Day,c 1954 a347 p. ;c24 cm. aInclude index aGuatemala -- Politics and government -- 1945-1985.